Teorías de la ficción literaria.
Gardado en:
| Autor Principal: | |
|---|---|
| Outros autores: | , , , , , , |
| Formato: | Libro |
| Idioma: | inglés |
| Publicado: |
Madrid, España.
Arco/Libros, S.L.
1997
|
| Series: | Lecturas
|
| Subjects: | |
| Tags: |
Engadir etiqueta
Sen Etiquetas, Sexa o primeiro en etiquetar este rexistro!
|
MARC
| LEADER | 00000nam a22000007a 4500 | ||
|---|---|---|---|
| 003 | CL-VaPUC | ||
| 005 | 20211005154314.0 | ||
| 008 | 210805b1997 ||||| |||| 00| 0 eng d | ||
| 999 | |c 433415 |d 433413 | ||
| 020 | |a 84-7635-281-6 | ||
| 040 | |c Pontificia Universidad Católica de Valparaíso | ||
| 082 | 0 | 4 | |2 21 |a 809.3 DOL 1997 |
| 100 | 1 | |a Doležel, Lubomír |e autor |9 862469 | |
| 245 | 1 | 0 | |a Teorías de la ficción literaria. |
| 260 | |a Madrid, España. |b Arco/Libros, S.L. |c 1997 | ||
| 300 | |a 287 páginas | ||
| 490 | 0 | |a Lecturas | |
| 500 | |a Donación Prof. Sr. Raúl Rodríguez F., Inst. Literatura Memo 6/2021 21/7/2021 | ||
| 583 | |c 20210805 |k Cristina Rojas | ||
| 650 | 1 | |a Teoría de la literatura |x Ficción |x Semiótica |9 862470 | |
| 650 | 1 | |a Filosofía de la literatura |x Crítica e interpretación |9 862471 | |
| 700 | |a Harshaw, Benjamin |9 862419 |e autor | ||
| 700 | |a Iser, Wolfgang |9 862420 |e autor | ||
| 700 | |a Martínez Bonati, Félix |e autor |9 492784 | ||
| 700 | |a Pozuelo, José María |9 862422 |e autor | ||
| 700 | |a Ryan, Marie-Laure |9 862423 |e autora | ||
| 700 | |a Schmidt, Siegfried J. |9 862424 |e autor | ||
| 700 | |a Garrido Domínguez, Antonio |e compilador de textos |e introducción |e bibliografía |9 862425 | ||
| 942 | |2 ddc |c BK | ||
| 952 | |0 0 |1 0 |2 ddc |4 0 |6 809_300000000000000_DOL_1997 |7 0 |8 A |9 578565 |a FDOPOS |b FDOPOS |d 2021-08-05 |i 5623073 |o 809.3 DOL 1997 |p 5623073 |r 2025-01-22 |t 1 |w 2021-08-05 |y BK |k DLH | ||